000 00403nam a2200157Ia 4500
008 221030s9999 xx 000 0 und d
020 _a8173194726
041 _aEnglish
082 _a105.23
_bJag
100 _aJag Mohan
245 0 _aOrganic Analytical Chemistry Theory & Practice
_cby Jag Mohan
260 _bNarosa Pub. House
_aNew Delhi
_c660
300 _a660
650 _aChemistry
942 _cBK
999 _c3612
_d3612